header

The mechanism of accommodation and presbyopia (Record no. 103342)

MARC details
000 -LEADER
fixed length control field 01540nam a2200289 a 4500
100 1# - MAIN ENTRY--AUTHOR NAME
Personal name Schachar, Ronald A.,
245 14 - TITLE STATEMENT
Title The mechanism of accommodation and presbyopia
260 ## - PUBLICATION, DISTRIBUTION, ETC. (IMPRINT)
Place of publication Amsterdam :
Name of publisher Kugler Publications,
Year of publication 2012.
300 ## - PHYSICAL DESCRIPTION
Number of Pages xii, 265 p. :
Other physical details ill.
505 0# - FORMATTED CONTENTS NOTE
Formatted contents note 1. History of Accomodation and the Steep Profile -- 2. Mechanism of Accomodation -- 3. Aspect Ratio of Vertebrate Lenses Predicts Accommodative Amplitude -- 4. Anatomy and Physiology -- 5. Experimental Evidence -- 6. Mathematical Modeling of Accommodation -- 7. Presbyopia and Age-related Ocular Hypertension -- 8. Importance of Controlled Studies -- 9. The Steep Profile: A Fundamental Structure in the Universe -- 10. Summary.
650 #0 - SUBJECT ADDED ENTRY--TOPICAL TERM
Topical Term Presbyopia.
856 40 - ELECTRONIC LOCATION AND ACCESS
Uniform Resource Identifier http://site.ebrary.com/lib/rucke/Doc?id=10611768

No items available.

© 2026 Rongo University
Contact us: librarian | system librarian | Rongo university